Нормален изглед
MARC изглед
- Милева, Надежда Николова
Вход 01. Лично име
001 - Контролен номер на записа
- Контролно поле: 490185
003 - Код на организацията, даваща контролен номер
- Контролно поле: BLK
005 - Дата и час на последна промяна на записа
- Контролно поле: 20231221092311.0
008 - Данни с фиксирана дължина – обща информация
- Данни с фиксирана дължина : 231221|| aca||aabn | a|a d
100 ## - ИМЕ НА ЛИЦЕ -ПЪРВИЧНА ИНТЕЛЕКТУАЛНА ОТГОВОРНОСТ
- Лично име: Милева, Надежда Николова
942 ## - Системна служебна употреба
- Koha auth type: PERSO_NAME